000
00327nam a22001457a 4500
008
210526b ||||| |||| 00| 0 eng d
020
_a
0838578977
041
_a
eng
080
_a
616-053.2
082
_a
616-053.2
100
_a
8
101
_a
PED
245
_a
Primary Care Pediatrics
_c
Steven P. Shelov
942
_2
udc
_c
BK
999
_c
57620
_d
57620